ბათუმის შოთა რუსთაველის სახელმწიფო უნივერსიტეტის ბიბლიოთეკა

Организация и планирование производства на судостроительных предприятиях. (ბიბ.ჩანაწერი № 37496)

000 -LEADER
fixed length control field 00780nam a2200217Ia 4500
001 - CONTROL NUMBER
control field 3458
003 - CONTROL NUMBER IDENTIFIER
control field GE_BSU
008 - FIXED-LENGTH DATA ELEMENTS--GENERAL INFORMATION
fixed length control field 181216s||||||||xx |||||||||||||| ||und||
040 ## - CATALOGING SOURCE
Transcribing agency GE_BSU
080 ## - UNIVERSAL DECIMAL CLASSIFICATION NUMBER
Universal Decimal Classification number 658.012
100 ## - MAIN ENTRY--PERSONAL NAME
Personal name Жуков,Б.Н. Волков,А.К. и др.
245 ## - TITLE STATEMENT
Title Организация и планирование производства на судостроительных предприятиях.
245 ## - TITLE STATEMENT
Statement of responsibility, etc. Ред. М.И.Никитина.
260 ## - PUBLICATION, DISTRIBUTION, ETC.
Place of publication, distribution, etc. Л.
260 ## - PUBLICATION, DISTRIBUTION, ETC.
Name of publisher, distributor, etc. Судостроение.
260 ## - PUBLICATION, DISTRIBUTION, ETC.
Date of publication, distribution, etc. 1971.
300 ## - PHYSICAL DESCRIPTION
Extent 368 стр. 22 см.
300 ## - PHYSICAL DESCRIPTION
Accompanying material табл.
653 ## - INDEX TERM--UNCONTROLLED
Uncontrolled term Организация и планирование производства на судостроительных предприятиях.
942 ## - ADDED ENTRY ELEMENTS (KOHA)
Koha item type წიგნი
ეგზემპლარები
Withdrawn status Lost status Damaged status Not for loan Date acquired Barcode Date last seen Price effective from Koha item type
        2018-12-17 10311 2018-12-17 2018-12-17 წიგნი